Improvements to high-density living (Record no. 65955)

MARC details
000 -LEADER
fixed length control field 00955cam a2200217 4500
001 - CONTROL NUMBER
control field WB3705-07
008 - FIXED-LENGTH DATA ELEMENTS--GENERAL INFORMATION
fixed length control field 000000n2001 000 0 eng u
035 ## - SYSTEM CONTROL NUMBER
System control number (Sirsi) u110679
245 ## - TITLE STATEMENT
Title Improvements to high-density living
260 ## - PUBLICATION, DISTRIBUTION, ETC.
Date of publication, distribution, etc. 2001
490 ## - SERIES STATEMENT
Series statement Building Homes
Volume/sequential designation January 2001, 7(1)
520 ## - SUMMARY, ETC.
Summary, etc. Through proposed changes to Part E of the Building Regulations, government is demanding that developers improve the sound insulation of homes, thus promising to make high-density urban living more attractive to buyers. Describes some of the new measures to be introduced. These include acoustic testing of new homes. Homebuilders have until 20 April 2001 to comment on the proposals.
590 ## - LOCAL NOTE (RLIN)
Local note WB
650 ## - SUBJECT ADDED ENTRY--TOPICAL TERM
Topical term or geographic name entry element BUILDING REGULATIONS PART E
650 ## - SUBJECT ADDED ENTRY--TOPICAL TERM
Topical term or geographic name entry element DEVELOPERS
650 ## - SUBJECT ADDED ENTRY--TOPICAL TERM
Topical term or geographic name entry element SOUND PROOFING
650 ## - SUBJECT ADDED ENTRY--TOPICAL TERM
Topical term or geographic name entry element SOUND INSULATION
650 ## - SUBJECT ADDED ENTRY--TOPICAL TERM
Topical term or geographic name entry element HIGH DENSITY DEVELOPMENT
690 ## - LOCAL SUBJECT ADDED ENTRY--TOPICAL TERM (OCLC, RLIN)
Topical term or geographic name as entry element BUILT ENVIRONMENT-BUILDING STANDARDS
942 ## - ADDED ENTRY ELEMENTS (KOHA)
Suppress in OPAC 0
Holdings
Withdrawn status Lost status Source of classification or shelving scheme Damaged status Not for loan Home library Current library Shelving location Date acquired Total Checkouts Full call number Barcode Date last seen Copy number Price effective from Koha item type
    Dewey Decimal Classification     London London News article 31/01/2001   WB3705-07 110679-1001 06/08/2019 1 06/08/2019 News article